| 000 | 00409cam a2200169ua 4500 | ||
|---|---|---|---|
| 020 | _cRs.2/- | ||
| 041 |
_aeng _h |
||
| 082 |
_a828.09 _bMUL/PR |
||
| 100 | _aMallik, B R. | ||
| 245 |
_aprologue to the centbury tales Vol,. 1 / _cMallik. _hTextual Documents |
||
| 260 |
_a : _bS.Chand & Sons , _c1965. |
||
| 300 | _a92 ; . | ||
| 365 | _aRs.2/- | ||
| 504 | _a | ||
| 942 | _cBK | ||
| 999 |
_c11260 _d11260 |
||